<?xml version="1.0" encoding="UTF-8"?>
<record
    xmlns:xsi="http://www.w3.org/2001/XMLSchema-instance"
    xsi:schemaLocation="http://www.loc.gov/MARC21/slim http://www.loc.gov/standards/marcxml/schema/MARC21slim.xsd"
    xmlns="http://www.loc.gov/MARC21/slim">

  <leader>00707naa a22001817a 4500</leader>
  <controlfield tag="003">BPK</controlfield>
  <controlfield tag="005">20160404103549.0</controlfield>
  <controlfield tag="008">160217b1979    pl ||||| |||| 00| 0 pol  </controlfield>
  <datafield tag="040" ind1=" " ind2=" ">
    <subfield code="c">BPK</subfield>
  </datafield>
  <datafield tag="080" ind1=" " ind2=" ">
    <subfield code="a">94(438)</subfield>
  </datafield>
  <datafield tag="100" ind1=" " ind2=" ">
    <subfield code="a">POLAK, Bogus&#x142;aw.</subfield>
    <subfield code="d"> 1979 - 1996.</subfield>
    <subfield code="b">Wy&#x17C;sza Szko&#x142;a In&#x17C;ynierska w Koszalinie - Studium Nauk Spo&#x142;eczno - Politycznych.</subfield>
  </datafield>
  <datafield tag="245" ind1=" " ind2=" ">
    <subfield code="a">Bibliografia dotycz&#x105;ca udzia&#x142;u m&#x142;odzie&#x17C;y w Powstaniu wielkopolskim (1918-1919) /</subfield>
    <subfield code="c">Irena Mamczak, Bogus&#x142;aw Polak.</subfield>
  </datafield>
  <datafield tag="260" ind1=" " ind2=" ">
    <subfield code="c">1979.</subfield>
  </datafield>
  <datafield tag="500" ind1=" " ind2=" ">
    <subfield code="a">Dane z kartoteki bpp.</subfield>
  </datafield>
  <datafield tag="650" ind1=" " ind2="0">
    <subfield code="a">Powstanie 1918 r. wielkopolskie. </subfield>
  </datafield>
  <datafield tag="773" ind1=" " ind2=" ">
    <subfield code="i">W :</subfield>
    <subfield code="t">Z dziej&#xF3;w ruchu m&#x142;odzie&#x17C;owego w Wielkopolsce. -</subfield>
    <subfield code="g">Pozna&#x144;, 1979, s. 77-94</subfield>
  </datafield>
  <datafield tag="942" ind1=" " ind2=" ">
    <subfield code="c">ART</subfield>
    <subfield code="2">UKD</subfield>
  </datafield>
  <datafield tag="999" ind1=" " ind2=" ">
    <subfield code="c">7320</subfield>
    <subfield code="d">7320</subfield>
  </datafield>
</record>
